000 00502nam a2200205Ia 4500
003 OSt
005 20140311163113.0
008 140130s9999 xx 000 0 und d
020 _a0439693535
050 _aPZ 7
_b.St86037Gi 1993
100 _aStine, R.L.
_93762
245 _aThe girl who cried monster /
_cR.L. Stine.
260 _bScholastic,
_c1993.
_aNew York :
300 _a137 p. :
_c18 cm.
440 _v1
_931174
521 _aG3
526 _c560
942 _cBK
_2lcc
999 _c40651
_d40651